Определение параметров основного колебательного состояния молекул NH2D и NHD2; Известия вузов. Физика; Т. 60, № 2
| Parent link: | Известия вузов. Физика: научный журнал/ Национальный исследовательский Томский государственный университет (ТГУ).— , 1957- Т. 60, № 2.— 2017.— [С. 74-78] |
|---|---|
| Հիմնական հեղինակ: | |
| Համատեղ հեղինակ: | |
| Այլ հեղինակներ: | , |
| Ամփոփում: | Заглавие с экрана Объектом исследования является молекула аммиака, знание свойств которой важно для многочисленных задач астрофизики, физики и химии атмосферы Земли, планет Солнечной системы и экзо-планет, неразрушающего контроля и многих других проблем науки и техники. Были определены параметры основного состояния молекул NH2D и NHD2. Режим доступа: по договору с организацией-держателем ресурса |
| Լեզու: | ռուսերեն |
| Հրապարակվել է: |
2017
|
| Խորագրեր: | |
| Առցանց հասանելիություն: | https://elibrary.ru/item.asp?id=28776860 |
| Ձևաչափ: | Էլեկտրոնային Գրքի գլուխ |
| KOHA link: | https://koha.lib.tpu.ru/cgi-bin/koha/opac-detail.pl?biblionumber=655429 |
MARC
| LEADER | 00000naa0a2200000 4500 | ||
|---|---|---|---|
| 001 | 655429 | ||
| 005 | 20250318140147.0 | ||
| 035 | |a (RuTPU)RU\TPU\network\21552 | ||
| 035 | |a RU\TPU\network\21547 | ||
| 090 | |a 655429 | ||
| 100 | |a 20170904d2017 k||y0rusy50 ca | ||
| 101 | 0 | |a rus | |
| 102 | |a RU | ||
| 135 | |a drcn ---uucaa | ||
| 181 | 0 | |a i | |
| 182 | 0 | |a b | |
| 200 | 1 | |a Определение параметров основного колебательного состояния молекул NH2D и NHD2 |f А. Л. Фомченко, А. В. Кузнецов, Е. С. Бехтерева | |
| 203 | |a Текст |c электронный | ||
| 300 | |a Заглавие с экрана | ||
| 320 | |a [Библиогр.: с. 78 (26 назв.)] | ||
| 330 | |a Объектом исследования является молекула аммиака, знание свойств которой важно для многочисленных задач астрофизики, физики и химии атмосферы Земли, планет Солнечной системы и экзо-планет, неразрушающего контроля и многих других проблем науки и техники. Были определены параметры основного состояния молекул NH2D и NHD2. | ||
| 333 | |a Режим доступа: по договору с организацией-держателем ресурса | ||
| 461 | |t Известия вузов. Физика |o научный журнал |f Национальный исследовательский Томский государственный университет (ТГУ) |d 1957- | ||
| 463 | |t Т. 60, № 2 |v [С. 74-78] |d 2017 | ||
| 610 | 1 | |a электронный ресурс | |
| 610 | 1 | |a труды учёных ТПУ | |
| 610 | 1 | |a аммиак | |
| 610 | 1 | |a вращательные спектры | |
| 610 | 1 | |a гамильтонианы | |
| 610 | 1 | |a молекулы | |
| 700 | 1 | |a Фомченко |b А. Л. |c физик |c инженер-исследователь Томского политехнического университета, кандидат физико-математических наук |f 1987- |g Анна Леонидовна |3 (RuTPU)RU\TPU\pers\33045 |9 16879 | |
| 701 | 1 | |a Кузнецов |b А. В. |c физик |c инженер Томского политехнического университета |f 1994- |g Алексей Валерьевич |3 (RuTPU)RU\TPU\pers\44419 | |
| 701 | 1 | |a Бехтерева |b Е. С. |c физик |c профессор Томского политехнического университета, доктор физико-математических наук |f 1974- |g Елена Сергеевна |3 (RuTPU)RU\TPU\pers\33044 |9 16878 | |
| 712 | 0 | 2 | |a Национальный исследовательский Томский политехнический университет (ТПУ) |b Физико-технический институт (ФТИ) |b Кафедра общей физики (ОФ) |3 (RuTPU)RU\TPU\col\18734 |
| 801 | 2 | |a RU |b 63413507 |c 20191030 |g RCR | |
| 856 | 4 | |u https://elibrary.ru/item.asp?id=28776860 | |
| 942 | |c CF | ||